5HLuxD.jpg

KING HENRY VIII SENIOR AND PRIMARY SCHOOL LIBRARY OPAC

PERCY JACKSON AND THE OLYMPIANS (Record no. 5357)

000 -LEADER
fixed length control field 00403nam a22001217a 4500
008 - FIXED-LENGTH DATA ELEMENTS--GENERAL INFORMATION
fixed length control field 250909b ||||| |||| 00| 0 eng d
020 ## - INTERNATIONAL STANDARD BOOK NUMBER
International Standard Book Number 9780241691700
082 ## - DEWEY DECIMAL CLASSIFICATION NUMBER
Classification number 813.6 RIO
100 ## - MAIN ENTRY--PERSONAL NAME
Personal name RIORDAN,RICK
Relator term AUTHOR
Language of a work ENGLISH
245 ## - TITLE STATEMENT
Title PERCY JACKSON AND THE OLYMPIANS
Remainder of title WRATH OF THE TRIPLE GODDESS
260 ## - PUBLICATION, DISTRIBUTION, ETC.
Place of publication, distribution, etc. MORRISON CHAMBERS,32 NASSAU STREET,DUBLIN D02 YH68
Name of publisher, distributor, etc. PENGUIN RANDOM HOUSE UK
Date of publication, distribution, etc. 2024
942 ## - ADDED ENTRY ELEMENTS (KOHA)
Source of classification or shelving scheme
Holdings
Withdrawn status Lost status Source of classification or shelving scheme Damaged status Not for loan Collection code Permanent Location Current Location Shelving location Date acquired Total Checkouts Full call number Barcode Date last seen Date last checked out Price effective from Koha item type Public note
          Fiction KH8 Primary School Library KH8 Primary School Library Fiction 2025-09-09 1 813.6 RIO KHPL000007144 2025-12-05 2025-09-29 2025-09-09 Books - Fiction PRIMARY LIBRARY

Powered By KH8 IT Dept